Kultúrna zodpovednosť: rozvoj kultúrnej kompetentnosti
Vzdelávací systém a kultúrna zodpovednosť. Vzdelávací proces a kultúrna zodpovednosť. Vzdelávacie zdroje a kultúrna zodpovednosť. Roviny interkultúrnej kompetentnosti. Interkultúrna zodpovednosť.
Gespeichert in:
| 1. Verfasser: | |
|---|---|
| Format: | Buchkapitel |
| Sprache: | Slowakisch |
| Schlagworte: | |
| Tags: |
Keine Tags, Fügen Sie das erste Tag hinzu!
|
MARC
| LEADER | 00000naa$a2200000$$$4500 | ||
|---|---|---|---|
| 001 | 0159791 | ||
| 005 | 20240502072753.0 | ||
| 041 | 0 | |a slo | |
| 044 | |a SK | ||
| 245 | 1 | 0 | |a Kultúrna zodpovednosť: rozvoj kultúrnej kompetentnosti |c Helena Šajgalíková |
| 520 | |a Vzdelávací systém a kultúrna zodpovednosť. Vzdelávací proces a kultúrna zodpovednosť. Vzdelávacie zdroje a kultúrna zodpovednosť. Roviny interkultúrnej kompetentnosti. Interkultúrna zodpovednosť. | ||
| 610 | 2 | 0 | |a vzdelávanie |
| 610 | 2 | 0 | |a kvalita vzdelávania |
| 610 | 2 | 0 | |a kultúra |
| 610 | 2 | 0 | |a programy študijné |
| 610 | 2 | 0 | |a študenti |
| 610 | 2 | 0 | |a učitelia |
| 610 | 2 | 0 | |a zodpovednosť |
| 100 | 1 | |a Šajgalíková, Helena | |